ՀՀ Գիտությունների ազգային ակադեմիայի հիմնարար գիտական գրադարան  =   Fundamental Scientific Library of NAS RA
Normal view MARC view

Entry Personal Name

Number of records used in: 22

001 - CONTROL NUMBER

  • control field: 2660

003 - CONTROL NUMBER IDENTIFIER

  • control field: AM-YEHGA

005 - DATE AND TIME OF LATEST TRANSACTION

  • control field: 20250617070438.0

008 - FIXED-LENGTH DATA ELEMENTS

  • fixed length control field: 060224 a|ac|n|aab||||||||||||a |n|||||||

040 ## - CATALOGING SOURCE

  • Original cataloging agency: AM-YEHGA

100 1# - HEADING--PERSONAL NAME

  • Personal name: Ղարիբյան, Ռուբեն Զաքարի,
  • Dates associated with a name: 1914-

400 1# - SEE FROM TRACING--PERSONAL NAME

  • Personal name: Ղարիբյան, Ռուբենի,
  • Dates associated with a name: 1914-

400 1# - SEE FROM TRACING--PERSONAL NAME

  • Personal name: Ղարիբյան, Ռ.Զ.
  • Fuller form of name: (Ռուբեն Զաքարի),
  • Dates associated with a name: 1914-

400 1# - SEE FROM TRACING--PERSONAL NAME

  • Personal name: Ղարիբյան, Ռ.
  • Fuller form of name: (Ռուբեն),
  • Dates associated with a name: 1914-

400 1# - SEE FROM TRACING--PERSONAL NAME

  • Personal name: Ղարիբյան, Ռուբեն Զաքարի,
  • Dates associated with a name: 1914-

400 1# - SEE FROM TRACING--PERSONAL NAME

  • Personal name: Гарибян, Рубен Захарович,
  • Dates associated with a name: 1914-

400 1# - SEE FROM TRACING--PERSONAL NAME

  • Personal name: Гарибян, Рубен,
  • Dates associated with a name: 1914-

400 1# - SEE FROM TRACING--PERSONAL NAME

  • Personal name: Гарибян, Р.
  • Fuller form of name: (Рубен),
  • Dates associated with a name: 1914-

400 1# - SEE FROM TRACING--PERSONAL NAME

  • Personal name: Gharibyan, Ruben Zakari,
  • Dates associated with a name: 1914-

670 ## - SOURCE DATA FOUND

  • Source citation: Խաչատրյան Հ.Հ. Գրական տեղեկատու, 1986 :
  • Information found: (Ղարիբյան Ռուբեն Զաքարի (1.1.1914, գ. Ագարակ, Կարսի մարզ), բանաստեղծ, ՍՍՀՄ գրող. միութ. անդամ 1940-ից)

670 ## - SOURCE DATA FOUND

  • Source citation: Նամակ արևին, 1963 :
  • Information found: տիտղթ. (Ռ.Զ. Ղարիբյան)

670 ## - SOURCE DATA FOUND

  • Source citation: Լուսիկի կատուն, 1988 :
  • Information found: տիտղթ. (Ռուբեն Ղարիբյան)

670 ## - SOURCE DATA FOUND

  • Source citation: Ֆաթմա Մուսաևա, 1942 :
  • Information found: տիտղթ. (Ռ. Ղարիբյան)

670 ## - SOURCE DATA FOUND

  • Source citation: Мой подарок, 1952 :
  • Information found: т.л. (Р. Гарибян)


ՀՀ ԳԱԱ հիմնարար գիտական գրադարան
ՀՀ,Երևան 0019
Մարշալ Բաղրամյան 24/6
հեռախոս:(374-10) 52-47-50
Հետադարձ կապ

All site content, except where otherwise noted, is licensed under a
Creative Commons License